Central Library OPAC University of Rajshahi

Space trajectories: (Record no. 52561)

MARC details
000 -LEADER
fixed length control field 00939nam a2200253 a 4500
001 - CONTROL NUMBER
control field 52561
003 - CONTROL NUMBER IDENTIFIER
rucl marc code BD-RjUL
005 - DATE AND TIME OF LATEST TRANSACTION
control field 20211209075828.0
008 - FIXED-LENGTH DATA ELEMENTS--GENERAL INFORMATION
fixed length control field 160921s1960 nyua 100 0 eng
035 ## - SYSTEM CONTROL NUMBER
System control number (BD-RjUL)52681
System control number (OCoLC)1482818
040 ## - CATALOGING SOURCE
Original cataloging agency DLC
Transcribing agency NmLcU
Modifying agency OCoLC
-- DLC
Language of cataloging eng
041 ## - LANGUAGE CODE
Language code of text/sound track or separate title eng
082 ## - DEWEY DECIMAL CLASSIFICATION NUMBER
Edition number 23
Classification number 629.435
Author mark and year RAS 1960
110 2# - MAIN ENTRY--CORPORATE NAME
Corporate name or jurisdiction name as entry element Radiation Incorporated.
Subordinate unit Research Division.
9 (RLIN) 157160
245 00 - TITLE STATEMENT
Title Space trajectories:
Remainder of title a symposium sponsored by the American Astronautical Society, the Advanced Research Projects Agency, and Radiation Incorporated /
Statement of responsibility, etc. Edited by the technical staff, Research Division, Radiation Incorporated.
260 ## - PUBLICATION, DISTRIBUTION, ETC. (IMPRINT)
Place of publication, distribution, etc. New York:
Name of publisher, distributor, etc. Academic Press,
Date of publication, distribution, etc. 1960.
300 ## - PHYSICAL DESCRIPTION
Pagination x, 298 p.;
Illustrations illus.
Size 24 cm.
504 ## - BIBLIOGRAPHY, ETC. NOTE
Bibliography, etc Includes bibliographies.
650 #0 - SUBJECT ADDED ENTRY--TOPICAL TERM
Topical term or geographic name as entry element Space trajectories.
9 (RLIN) 157161
710 2# - ADDED ENTRY--CORPORATE NAME
Corporate name or jurisdiction name as entry element American Astronautical Society.
9 (RLIN) 157162
942 ## - ADDED ENTRY ELEMENTS (KOHA)
Source of classification or shelving scheme Dewey Decimal Classification
Koha item type Books
Holdings
Lost status Source of classification or shelving scheme Damaged status Not for loan Collection code Permanent Location Current Location Shelving location Date acquired Source of acquisition Total Checkouts Full call number Date last seen Copy number Koha item type
  Dewey Decimal Classification   Not For Loan Non-fiction Central Library, University of Rajshahi Central Library, University of Rajshahi Reading Room 01/01/1969 Zeitlinger   629.435 RAS 1960 21/09/2016 C-1 Books